Statistics for Last Leaders of Countries That No Longer Exist

Click here to take the quiz!

General Stats

  • This quiz has been taken 270 times
    (248 since last reset)
  • The average score is 9 of 16

Answer Stats

LeaderCountry% Correct
Mikhail GorbachevSoviet Union
99%
14th Dalai Lama Tenzin GyatsoTibet
78%
Stjepan MesićSocialist Federal Republic of Yugoslavia
75%
Charles (Karl) I of AustriaAustria-Hungary
71%
Nguyễn Hữu ThọRepublic of South Vietnam
69%
Romulus AugustusWestern Roman Empire
69%
Mehmed VIOttoman Empire
63%
Václav HavelCzechoslovakia
60%
Jefferson DavisConfederate States of America
58%
Constantine XI Palaiologos DragašByzantine Empire
48%
LiliʻuokalaniKingdom of Hawaii
47%
Pope Pius IXPapal States
44%
Tôn Đức ThắngDemocratic Republic of Vietnam
42%
Sabine Bergmann-PohlEast Germany
31%
Richard von WeizsäckerWest Germany
27%
Louis the PiousFrankish Empire
10%

Score Distribution

Percentile by Number Answered

Percent of People with Each Score

Your Score History

You have not taken this quiz since the last reset